Tourists and tourism : identifying people and places
Αποθηκεύτηκε σε:
| Άλλοι συγγραφείς: | , , |
|---|---|
| Μορφή: | Βιβλίο |
| Γλώσσα: | English |
| Δημοσίευση: |
Oxford ; New York :
Berg,
c1997.
|
| Σειρά: | Berg ethnic identities series
|
| Θέματα: | |
| Ετικέτες: |
Προσθήκη ετικέτας
Δεν υπάρχουν, Καταχωρήστε ετικέτα πρώτοι!
|
MARC
| LEADER | 00000nam a2200000 a 4500 | ||
|---|---|---|---|
| 001 | 1/127555 | ||
| 008 | 231024s1997####enk| ||| |||| ||eng|| | ||
| 020 | |a 1859739059 | ||
| 040 | |a GR-MyUa |b gre |c GR-MyUa |e AACR2 | ||
| 041 | 0 | |a eng | |
| 082 | 7 | |a 338.4791 |2 (23) | |
| 245 | 0 | 0 | |a Tourists and tourism : |b identifying people and places / |c edited by Simone Abram, Jacqueline Waldren and Donald V.L. Macleod. |
| 260 | |a Oxford ; |a New York : |b Berg, |c c1997. | ||
| 300 | |a 245 σ. ; |c 22 εκ. | ||
| 490 | 1 | |a (Berg ethnic identities series) | |
| 504 | |a Περιλαμβάνει βιβλιογραφικές παραπομπές και ευρετήριο. | ||
| 650 | 0 | |a Tourism | |
| 700 | 1 | |a Abram, Simone, |e edt | |
| 700 | 1 | |a Waldren, Jacqueline, |d 1937- |e edtf | |
| 700 | 1 | |a Macleod, Donald V. L. |e edt | |
| 830 | 0 | |a Berg ethnic identities series | |
| 852 | |a INST |b LESVOS |e 20231024 |h 338.4791 TOU |p 005100065778 |q 005100065778 |t BK |y 0 | ||
| 970 | |a Καμάτσου |b Δέσποινα |z 24-10-2023 | ||